| 000 | 00672nas a2200253 4500 | ||
|---|---|---|---|
| 001 | BR0201674 | ||
| 003 | BR-BrBNA | ||
| 005 | 20231205102832.0 | ||
| 007 | ta | ||
| 008 | 230509b bl.|||p| |||| 00| 00por d | ||
| 040 |
_aBR-BrBNA _bpor _cBiblioteca Nacional de Agricultura |
||
| 041 | _a(Pt) | ||
| 072 | _aL73 | ||
| 100 | 1 | _aRibeiro, L.A.O. | |
| 100 | 1 | _aRodrigues, N.C. | |
| 245 | 1 | _aScrapie | |
| 650 | _aOVINO | ||
| 650 | _aCAPRINO | ||
| 650 | _aPESTE DE COCAR | ||
| 650 | _aVÍRUS | ||
| 773 | 0 |
_tHora Veterinária (Brazil) _xISSN 0101-9163 _g(Mar-Apr 2001), v. 20(120) p. 19-22 _wBR0201674 |
|
| 909 |
_a202311 _bLúcia _c55 _dLúcia Elande |
||
| 942 |
_2AGRIS _n0 _cANA |
||
| 999 |
_c169601 _d169601 |
||